000 00941cab a2200325 4500
001 WB3313-06
008 090401t1997 xxu||||| |||| 00| 0 eng d
035 _a(Sirsi) u77464
041 _aeng
245 _aRents soar for top shops
260 _c1997
350 _a0
490 _aDaily Telegraph
_v24 March 1997, 26(1)
520 _aPrime retail rents are climbing quicker than at any other time in the past 20 years. The West End in London, Norwich, Peterborough and Birmingham have risen the most.
650 _aBIRMINGHAM
650 _aBRISTOL
650 _aCAMBRIDGE
650 _aCHESTER
650 _aLIVERPOOL
650 _aNORWICH
650 _aNOTTINGHAM
650 _aPETERBOROUGH
650 _aPRIME RETAIL RENTS
650 _aRENT INCREASES
650 _aRETAIL RENTS
650 _aWEST END OF LONDON
690 _aPROPERTY-COMMERCIAL PROPERTY-RETAIL PROPERTY
942 _n0
948 _c27/03/1997
999 _c48704
_d48704